Sondage - votre couleur préférée ? - Statistiques

Statistiques générales
  • Ce quiz a été pris 581 fois
  • Le résultat moyen est 3 sur 7
Statistiques - réponses
Vous préférez : Lettre % Correct
B=bleu B
60%
D=vert D
47%
A=rouge A
41%
C=jaune C
38%
G=violet G
36%
E=orange E
34%
F=rose F
32%
Aucun quiz correspondant
Distribution des résultats
% des personnes avec chaque résultat
Percentile par nombre de réponses
Votre historique - résultats
Vous n’avez pas pris ce quiz